日本社会党歴代委員長 - Statistics

General Stats
  • This quiz has been taken 37 times
  • The average score is 5 of 16
Answer Stats
代数 Answer 在任期間 備考 % Correct
13 村山富市 1993.9.25-1996.1.19 第81代内閣総理大臣
100%
10 土井たか子 1986.9.8-1991.7.31 日本初の女性衆議院議長
88%
1 片山哲 1946.9.28-1950.1.16 第46代内閣総理大臣
85%
3 浅沼稲次郎 1960.3.23-1960.10.12 在任中に暗殺
76%
(委員長代理) 江田三郎 1960.3.23-1961.3.6 後に社会市民連合を結党
33%
12 山花貞夫 1993.1.19-1993.9.25
30%
8 飛鳥田一雄 1977.12.13-1983.9.7 第18代横浜市長
24%
11 田邊誠 1991.7.31-1993.1.19
15%
5 佐々木更三 1965.5.6-1967.8.19
12%
左派社会党 鈴木茂三郎 1951.1.19-1955.10.12
6%
右派社会党 河上丈太郎 1953.1.18-1955.10.12
6%
2 鈴木茂三郎 1955.10.13-1960.3.21
6%
4 河上丈太郎 1961.3.6-1965.5.6
6%
7 成田知巳 1968.11.30-1977.12.13
3%
6 勝間田清一 1967.8.19-1968.10.4
0%
9 石橋政嗣 1983.9.7-1986.9.8
0%
No matching quizzes found
Score Distribution
Percent of People with Each Score
Percentile by Number Answered
Your Score History
You have not taken this quiz